| 000 | 00933cam a22002534a 4500 | ||
|---|---|---|---|
| 003 | OSt | ||
| 005 | 20140310182457.0 | ||
| 008 | 090714s2010 nyua b 001 0 eng | ||
| 020 | _a9780071497015 (hardcover : alk. paper) | ||
| 020 | _a0071497013 (hardcover : alk. paper) | ||
| 050 | 0 | 0 |
_aRG 524 _b.W7 2010 |
| 100 |
_aMcGraw-Hill Inc. _98473 |
||
| 245 | 0 | 0 |
_aWilliams obstetrics / _cF. Dary Cunningham, Kenneth J. Leveno, Steven L. Bloom, John C. Hauth, Dwight J. Rouse, Catherine Y. Spong. |
| 246 | 3 | 0 | _aObstetrics |
| 250 |
_a23rd ed. / _b[edited by] F. Gary Cunningham ... [et al.]. |
||
| 260 |
_aNew York : _bMcGraw-Hill Medical, _cc2010. |
||
| 300 |
_axv, 1385 p. : _bill. (some col.) ; _c29 cm. |
||
| 650 | 0 |
_aObstetrics. _98474 |
|
| 650 | 1 | 2 |
_aObstetrics. _98475 |
| 700 | 1 |
_aCunningham, F. Gary. _98476 |
|
| 700 | 1 |
_aWilliams, J. Whitridge _q(John Whitridge), _d1866-1931. _98477 |
|
| 942 |
_2lcc _cSSLC |
||
| 999 |
_c13762 _d13762 |
||